[Event "Wch Seniors 65 29th"]
[Site "Bucharest"]
[Date "2019.11.16"]
[Round "5"]
[White "Haupt, Joachim"]
[Black "Ani, Virgil"]
[Result "1-0"]
[WhiteElo "1742"]
[BlackElo "1497"]
[PlyCount "81"]
[EventDate "2019.11.12"]
[EventType "swiss"]
[EventRounds "11"]
[EventCountry "ROU"]
[SourceTitle "CBM 193 Extra"]
[Source "ChessBase"]
[SourceDate "2020.01.31"]
[SourceVersion "1"]
[SourceVersionDate "2020.01.31"]
[SourceQuality "1"]

1. e4 d5 2. exd5 Nf6 3. d4 Nxd5 4. c4 Nf6 5. Nc3 c6 6. Nf3 Bg4 7. Be2 e6 8. 0-0 Bd6 9. Qb3 Qc7 10. h3 Bxf3 11. Bxf3 0-0 12. Ne2 Nbd7 13. Bg5 h6 14. Bh4 Rab8 15. Qe3 Rfe8 16. g4 e5 17. Qd2 e4 18. Bg2 Nh7 19. c5 Be7 20. Bg3 Qd8 21. Bxb8 Nxb8 22. Bxe4 Bg5 23. Qc2 Nf6 24. Bg2 Na6 25. a3 Nc7 26. Rad1 Qd7 27. Ng3 Nxg4 28. hxg4 Qxg4 29. Qf5 Qh4 30. Bf3 Bf4 31. Qg4 Bxg3 32. Qxg3 Qe7 33. Rfe1 Ne6 34. Bg4 Qg5 35. Bxe6 Qh5 36. Bg4 Rxe1+ 37. Rxe1 Qg6 38. Bf3 Qf6 39. Re8+ Kh7 40. Be4+ g6 41. Bxg6+ 1-0

[Event "Wch Seniors 65 29th"]
[Site "Bucharest"]
[Date "2019.11.15"]
[Round "4"]
[White "Bjarnason, Saevar"]
[Black "Haupt, Joachim"]
[Result "1-0"]
[WhiteElo "2085"]
[BlackElo "1742"]
[PlyCount "29"]
[EventDate "2019.11.12"]
[EventType "swiss"]
[EventRounds "11"]
[EventCountry "ROU"]
[SourceTitle "CBM 193 Extra"]
[Source "ChessBase"]
[SourceDate "2020.01.31"]
[SourceVersion "1"]
[SourceVersionDate "2020.01.31"]
[SourceQuality "1"]

1. e4 c5 2. Nf3 d6 3. d4 cxd4 4. Nxd4 Nf6 5. Nc3 Nc6 6. Bg5 e6 7. Qd2 Be7 8. 0-0-0 Qa5 9. f4 0-0 10. Nf3 Ne8 11. Bxe7 Nxe7 12. Bd3 Nf6 13. Kb1 a6 14. Nd5 Qxd2 15. Nxe7+ 1-0

[Event "Wch Seniors 65 29th"]
[Site "Bucharest"]
[Date "2019.11.13"]
[Round "2"]
[White "Haupt, Joachim"]
[Black "Spulber, Cicirone"]
[Result "1/2-1/2"]
[WhiteElo "1742"]
[BlackElo "1973"]
[PlyCount "39"]
[EventDate "2019.11.12"]
[EventType "swiss"]
[EventRounds "11"]
[EventCountry "ROU"]
[SourceTitle "CBM 193 Extra"]
[Source "ChessBase"]
[SourceDate "2020.01.31"]
[SourceVersion "1"]
[SourceVersionDate "2020.01.31"]
[SourceQuality "1"]

1. e4 c5 2. c3 d5 3. exd5 Qxd5 4. Nf3 e6 5. Na3 Nf6 6. Bc4 Qd8 7. 0-0 Nc6 8. Re1 Be7 9. Nc2 0-0 10. d4 cxd4 11. Ncxd4 Nxd4 12. Nxd4 a6 13. Qc2 Qc7 14. Bd3 g6 15. Qe2 Nd5 16. Qf3 Rd8 17. Bc2 b5 18. Bb3 Bb7 19. Bxd5 Bxd5 20. Bf4 1/2-1/2

[Event "Wch Seniors 65 29th"]
[Site "Bucharest"]
[Date "2019.11.12"]
[Round "1"]
[White "Fernandez Vicente, Carmelo"]
[Black "Haupt, Joachim"]
[Result "1-0"]
[WhiteElo "2087"]
[BlackElo "1742"]
[PlyCount "119"]
[EventDate "2019.11.12"]
[EventType "swiss"]
[EventRounds "11"]
[EventCountry "ROU"]
[SourceTitle "CBM 193 Extra"]
[Source "ChessBase"]
[SourceDate "2020.01.31"]
[SourceVersion "1"]
[SourceVersionDate "2020.01.31"]
[SourceQuality "1"]

1. c4 c5 2. g3 Nc6 3. Bg2 g6 4. Nc3 Bg7 5. d3 d6 6. e4 Nf6 7. Nge2 Bd7 8. a3 Rb8 9. 0-0 Qc8 10. f4 Bg4 11. f5 Nd4 12. h3 Nxe2+ 13. Nxe2 Bxe2 14. Qxe2 Nh5 15. Qf3 0-0 16. g4 Bd4+ 17. Be3 Nf6 18. Bxd4 cxd4 19. Qf2 Qc5 20. Qh4 Qe5 21. Rae1 h5 22. g5 Nh7 23. Qf4 Qxf4 24. Rxf4 Nxg5 25. e5 gxf5 26. exd6 Ne6 27. Rxf5 exd6 28. Rxh5 Kg7 29. Rd5 Rbd8 30. Re4 Kf6 31. Kf2 Rg8 32. h4 Rg7 33. Bh3 Rdg8 34. Rxd6 Rg3 35. Bf1 R3g4 36. Rxg4 Rxg4 37. b4 Ke7 38. Rd5 Rf4+ 39. Ke2 Rxh4 40. Ra5 Rh2+ 41. Kf3 a6 42. Bg2 Rh8 43. Kg3 Rg8+ 44. Kf2 Rb8 45. a4 Nc7 46. Re5+ Ne6 47. Bd5 Kf6 48. Re4 Rd8 49. a5 Rd7 50. Rh4 Ke7 51. Rh8 Nd8 52. Kf3 Nc6 53. Bxc6 bxc6 54. Ra8 Rb7 55. Rxa6 Rxb4 56. Rxc6 f5 57. a6 Rb3 58. Kf4 Rxd3 59. Kxf5 Kd7 60. Ke4 1-0

[Event "Wch Seniors 65 28th"]
[Site "Bled"]
[Date "2018.11.29"]
[Round "11"]
[White "Lie, Terje"]
[Black "Haupt, Joachim"]
[Result "0-1"]
[WhiteElo "1534"]
[BlackElo "1748"]
[PlyCount "56"]
[EventDate "2018.11.18"]
[EventType "swiss"]
[EventRounds "11"]
[EventCountry "SLO"]
[SourceTitle "EXT 2020"]
[Source "ChessBase"]
[SourceDate "2019.10.17"]
[SourceVersion "1"]
[SourceVersionDate "2019.10.17"]
[SourceQuality "1"]

1. d4 Nf6 2. c4 g6 3. Nc3 d5 4. cxd5 Nxd5 5. Nf3 Bg7 6. e3 0-0 7. Be2 c5 8. 0-0 Nc6 9. Nxd5 Qxd5 10. dxc5 Qxc5 11. Qa4 a6 12. Qc4 Qb6 13. Rb1 Be6 14. Qa4 Qc5 15. Bd2 b5 16. Rfc1 Qxc1+ 17. Rxc1 bxa4 18. Rxc6 Bxb2 19. Bxa6 Bxa2 20. h4 a3 21. Bb4 Bd5 22. Rb6 a2 23. Bxe7 a1Q+ 24. Bf1 Bxf3 25. gxf3 Rfc8 26. Kg2 Qa7 27. Rxb2 Qxe7 28. Kg3 Qe5+ 0-1

[Event "Wch Seniors 65 28th"]
[Site "Bled"]
[Date "2018.11.27"]
[Round "9"]
[White "James, Kevin"]
[Black "Haupt, Joachim"]
[Result "1-0"]
[WhiteElo "1929"]
[BlackElo "1748"]
[PlyCount "59"]
[EventDate "2018.11.18"]
[EventType "swiss"]
[EventRounds "11"]
[EventCountry "SLO"]
[SourceTitle "CBM 187 Extra"]
[Source "ChessBase"]
[SourceDate "2018.11.04"]
[SourceVersion "1"]
[SourceVersionDate "2018.11.04"]
[SourceQuality "1"]

1. d4 Nf6 2. c4 g6 3. Nc3 d5 4. cxd5 Nxd5 5. Bd2 Bg7 6. e4 Nxc3 7. Bxc3 0-0 8. Bc4 Nc6 9. Ne2 a6 10. d5 Ne5 11. Bb3 c5 12. f4 Ng4 13. Bxg7 Kxg7 14. Qd2 Nf6 15. Ng3 b5 16. e5 Nd7 17. 0-0 Bb7 18. Rad1 Nb6 19. f5 c4 20. f6+ exf6 21. exf6+ Kh8 22. Qh6 Rg8 23. Bc2 Qf8 24. Qxf8 Rgxf8 25. Be4 Rfe8 26. Rd4 Rad8 27. d6 Bc8 28. Bc6 Bd7 29. Bb7 Bc8 30. Bxc8 1-0

[Event "Wch Seniors 65 28th"]
[Site "Bled"]
[Date "2018.11.26"]
[Round "8"]
[White "Haupt, Joachim"]
[Black "Rogovin, Arkadi"]
[Result "1/2-1/2"]
[WhiteElo "1748"]
[BlackElo "1867"]
[PlyCount "35"]
[EventDate "2018.11.18"]
[EventType "swiss"]
[EventRounds "11"]
[EventCountry "SLO"]
[SourceTitle "CBM 187 Extra"]
[Source "ChessBase"]
[SourceDate "2018.11.04"]
[SourceVersion "1"]
[SourceVersionDate "2018.11.04"]
[SourceQuality "1"]

1. Nf3 Nf6 2. c4 c5 3. Nc3 Nc6 4. g3 e6 5. Bg2 d5 6. cxd5 exd5 7. d4 Be6 8. 0-0 h6 9. Re1 Ne4 10. Nxe4 dxe4 11. Ne5 Nxd4 12. Bxe4 Qc7 13. Bf4 Bd6 14. Nd3 Rd8 15. e3 Nc6 16. Qa4 Bxf4 17. exf4 0-0 18. Nxc5 1/2-1/2

[Event "Wch Seniors 65 28th"]
[Site "Bled"]
[Date "2018.11.25"]
[Round "7"]
[White "Haupt, Joachim"]
[Black "Jaksa, Cvetko"]
[Result "1/2-1/2"]
[WhiteElo "1748"]
[BlackElo "1897"]
[PlyCount "25"]
[EventDate "2018.11.18"]
[EventType "swiss"]
[EventRounds "11"]
[EventCountry "SLO"]
[SourceTitle "CBM 187 Extra"]
[Source "ChessBase"]
[SourceDate "2018.11.04"]
[SourceVersion "1"]
[SourceVersionDate "2018.11.04"]
[SourceQuality "1"]

1. Nf3 e6 2. c4 b6 3. g3 Bb7 4. Bg2 Nf6 5. 0-0 c5 6. Nc3 Be7 7. d3 0-0 8. Bf4 Nc6 9. Qa4 Nh5 10. Bd2 Nd4 11. Nxd4 Bxg2 12. Nxe6 dxe6 13. Kxg2 1/2-1/2

[Event "Wch Seniors 65 26th"]
[Site "Marianske Lazne"]
[Date "2016.11.29"]
[Round "10"]
[White "Haupt, Joachim"]
[Black "Mortensen, Steen Juul"]
[Result "1/2-1/2"]
[WhiteElo "1812"]
[BlackElo "1975"]
[PlyCount "27"]
[EventDate "2016.11.19"]
[EventType "swiss"]
[EventRounds "11"]
[EventCountry "CZE"]
[SourceTitle "CBM 175 Extra"]
[Source "ChessBase"]
[SourceDate "2016.12.12"]
[SourceVersion "1"]
[SourceVersionDate "2016.12.12"]
[SourceQuality "1"]

1. c4 Nf6 2. Nf3 g6 3. g3 Bg7 4. Bg2 d6 5. d4 0-0 6. Nc3 Nbd7 7. 0-0 c6 8. Bf4 Re8 9. Qd2 Qc7 10. Rac1 e5 11. dxe5 dxe5 12. Bh6 Bh8 13. h3 Nf8 14. Rfd1 1/2-1/2

[Event "Wch Seniors 65 26th"]
[Site "Marianske Lazne"]
[Date "2016.11.28"]
[Round "9"]
[White "Klus, Jan"]
[Black "Haupt, Joachim"]
[Result "0-1"]
[WhiteElo "1694"]
[BlackElo "1812"]
[PlyCount "56"]
[EventDate "2016.11.19"]
[EventType "swiss"]
[EventRounds "11"]
[EventCountry "CZE"]
[SourceTitle "CBM 175 Extra"]
[Source "ChessBase"]
[SourceDate "2016.12.12"]
[SourceVersion "1"]
[SourceVersionDate "2016.12.12"]
[SourceQuality "1"]

1. e4 c5 2. Nf3 Nc6 3. d4 cxd4 4. Nxd4 Nf6 5. Nxc6 bxc6 6. Bd3 e5 7. 0-0 Be7 8. h3 0-0 9. Nc3 Bb7 10. Ne2 d5 11. exd5 cxd5 12. Ng3 e4 13. Bb5 Qb6 14. Ba4 Rfd8 15. c3 d4 16. cxd4 Rxd4 17. Qc2 Rc8 18. Qe2 Rxa4 19. b3 Ba6 20. Qb2 Bxf1 21. Nxf1 Ba3 22. Qd2 Rd4 23. Qf4 Bxc1 24. Rxc1 Rxc1 25. Qxc1 Qd8 26. Qc5 Rd1 27. Qxa7 g6 28. Qe3 Qd3 0-1

[Event "Wch Seniors 65 26th"]
[Site "Marianske Lazne"]
[Date "2016.11.23"]
[Round "5"]
[White "Zurel, Maxim"]
[Black "Haupt, Joachim"]
[Result "1-0"]
[WhiteElo "1635"]
[BlackElo "1812"]
[PlyCount "121"]
[EventDate "2016.11.19"]
[EventType "swiss"]
[EventRounds "11"]
[EventCountry "CZE"]
[SourceTitle "CBM 175 Extra"]
[Source "ChessBase"]
[SourceDate "2016.12.12"]
[SourceVersion "1"]
[SourceVersionDate "2016.12.12"]
[SourceQuality "1"]

1. e4 d5 2. e5 c5 3. Bb5+ Nc6 4. Nf3 Bd7 5. Bxc6 Bxc6 6. 0-0 e6 7. d3 Ne7 8. Bg5 Qc7 9. Re1 Ng6 10. Qe2 h6 11. Bc1 d4 12. a4 Be7 13. h3 0-0 14. b3 Bxf3 15. Qxf3 Nxe5 16. Qg3 Bd6 17. Bf4 Nf3+ 18. Qxf3 Bxf4 19. Na3 a6 20. Re4 Bg5 21. Re2 Rab8 22. Nc4 Qf4 23. Qxf4 Bxf4 24. g3 Bc7 25. Kg2 Rfd8 26. f4 Rd5 27. Rf1 b5 28. axb5 axb5 29. Nd2 Ra8 30. Nf3 Ra2 31. Rff2 Kh7 32. c4 Rxe2 33. Rxe2 bxc4 34. bxc4 Rd8 35. Nd2 Ba5 36. Nb3 Bb4 37. Re5 Rc8 38. f5 Rc6 39. fxe6 Rxe6 40. Rxe6 fxe6 41. Kf3 Kg6 42. Ke4 Kf6 43. g4 g5 44. Na1 Ba5 45. Nc2 Ke7 46. Na3 Bc7 47. Nb5 Bb8 48. Na3 Kd6 49. Nc2 Kc6 50. Ne1 Kb6 51. Nf3 Ka5 52. h4 Bf4 53. hxg5 hxg5 54. Nh4 Kb4 55. Ng6 Bd6 56. Nh8 Kc3 57. Nf7 Bf4 58. Nd8 e5 59. Nb7 Bc1 60. Nxc5 Ba3 61. Na6 1-0

[Event "Wch Seniors 65 26th"]
[Site "Marianske Lazne"]
[Date "2016.11.21"]
[Round "3"]
[White "Palla, Ivan"]
[Black "Haupt, Joachim"]
[Result "1/2-1/2"]
[WhiteElo "1514"]
[BlackElo "1812"]
[PlyCount "37"]
[EventDate "2016.11.19"]
[EventType "swiss"]
[EventRounds "11"]
[EventCountry "CZE"]
[SourceTitle "CBM 175 Extra"]
[Source "ChessBase"]
[SourceDate "2016.12.12"]
[SourceVersion "1"]
[SourceVersionDate "2016.12.12"]
[SourceQuality "1"]

1. Nf3 Nf6 2. g3 c5 3. Bg2 Nc6 4. 0-0 g6 5. d4 cxd4 6. Nxd4 Bg7 7. c3 0-0 8. Na3 a6 9. Nac2 Qc7 10. Bg5 Nxd4 11. Nxd4 h6 12. Bd2 d6 13. e4 Bd7 14. Re1 Rac8 15. Qe2 e5 16. Nb3 Rfe8 17. Rac1 Ba4 18. Na1 Bd7 19. c4 1/2-1/2

[Event "Wch Seniors 65 26th"]
[Site "Marianske Lazne"]
[Date "2016.11.20"]
[Round "2"]
[White "Haupt, Joachim"]
[Black "Benson, Lachlan"]
[Result "0-1"]
[WhiteElo "1812"]
[BlackElo "1988"]
[PlyCount "162"]
[EventDate "2016.11.19"]
[EventType "swiss"]
[EventRounds "11"]
[EventCountry "CZE"]
[SourceTitle "CBM 175 Extra"]
[Source "ChessBase"]
[SourceDate "2016.12.12"]
[SourceVersion "1"]
[SourceVersionDate "2016.12.12"]
[SourceQuality "1"]

1. c4 Nf6 2. Nf3 e6 3. g3 d5 4. cxd5 exd5 5. Bg2 c6 6. d3 Bd6 7. 0-0 0-0 8. Re1 Re8 9. Nc3 Nbd7 10. Nh4 Ne5 11. d4 Nc4 12. b3 Nb6 13. Bb2 Be6 14. h3 Qd7 15. Kh2 g5 16. Nf3 h6 17. Ne5 Qc7 18. Nb1 Bf5 19. f4 gxf4 20. gxf4 Kh7 21. Nd2 Rg8 22. Rg1 Rg7 23. Ndf3 Be4 24. Bh1 Rag8 25. Rxg7+ Rxg7 26. Qe1 Nh5 27. Qh4 Ng3 28. Ng5+ Kg8 29. Nxe4 dxe4 30. Qxh6 Nxh1 31. Rxh1 Nd5 32. Rg1 Rxg1 33. Kxg1 f6 34. Ng4 Qg7 35. Bc1 Qxh6 36. Nxh6+ Kh7 37. Ng4 f5 38. Ne5 e3 39. Kh2 Nxf4 40. Bxe3 Nxe2 41. Kg2 Kg7 42. Nc4 Bc7 43. Kf3 Nc3 44. Bf4 Bxf4 45. Kxf4 Kf6 46. Na5 Nxa2 47. Nxb7 Nb4 48. h4 Nc2 49. h5 Nxd4 50. Nc5 Ne2+ 51. Kf3 Nc3 52. Nd7+ Kg5 53. Nb8 c5 54. Nd7 Ne4 55. h6 Kxh6 56. Kf4 Kg6 57. Ke5 Kg5 58. Nf8 Nd2 59. Ne6+ Kg4 60. Nxc5 f4 61. b4 f3 62. Nd3 Kg3 63. Kd4 Nb1 64. Kc4 Nd2+ 65. Kb5 Nb3 66. Ka6 Nc1 67. Nxc1 f2 68. Ne2+ Kh2 69. Kxa7 f1Q 70. b5 Qxe2 71. b6 Qa2+ 72. Kb8 Kg3 73. b7 Kf4 74. Kc7 Qc4+ 75. Kb6 Qb4+ 76. Kc7 Qc5+ 77. Kd8 Qb6+ 78. Kc8 Qc6+ 79. Kb8 Ke5 80. Ka7 Qc7 81. Ka6 Qb8 0-1

[Event "Wch Seniors 23rd"]
[Site "Opatija"]
[Date "2013.11.21"]
[Round "9"]
[White "Haupt, Joachim"]
[Black "Bauza Mercere, Eduardo"]
[Result "1/2-1/2"]
[WhiteElo "1870"]
[BlackElo "1811"]
[PlyCount "83"]
[EventDate "2013.11.12"]
[EventType "swiss"]
[EventRounds "11"]
[EventCountry "CRO"]
[SourceTitle "CBM 157 Extra"]
[Source "ChessBase"]
[SourceDate "2013.12.19"]
[SourceVersion "1"]
[SourceVersionDate "2013.12.19"]
[SourceQuality "1"]

1. Nf3 Nf6 2. c4 d6 3. d4 g6 4. Nc3 Bg7 5. e4 0-0 6. Be2 e5 7. dxe5 dxe5 8. Qxd8 Rxd8 9. Bg5 h6 10. Bxf6 Bxf6 11. Nd5 Rxd5 12. cxd5 Nd7 13. 0-0 Be7 14. Nd2 f5 15. Bc4 Kg7 16. a3 Nf6 17. Rfe1 f4 18. Nf3 Bd6 19. h3 Bd7 20. b4 g5 21. Nd4 Kg6 22. Nb5 Bxb5 23. Bxb5 h5 24. g3 Kh6 25. gxf4 gxf4 26. Kg2 Nh7 27. h4 f3+ 28. Kxf3 Rf8+ 29. Ke3 Rf4 30. Rh1 Nf8 31. Rag1 Ng6 32. Rg3 Be7 33. Be8 Nxh4 34. f3 Rf8 35. Bd7 Ng6 36. Bf5 Nf4 37. Rhg1 h4 38. Rg4 Nxd5+ 39. exd5 Rxf5 40. Rg6+ Kh5 41. Ke4 Rf4+ 42. Ke3 1/2-1/2

[Event "Wch Seniors 23rd"]
[Site "Opatija"]
[Date "2013.11.16"]
[Round "5"]
[White "Chubar, Vladimir"]
[Black "Haupt, Joachim"]
[Result "1-0"]
[WhiteElo "2071"]
[BlackElo "1870"]
[PlyCount "41"]
[EventDate "2013.11.12"]
[EventType "swiss"]
[EventRounds "11"]
[EventCountry "CRO"]
[SourceTitle "CBM 157 Extra"]
[Source "ChessBase"]
[SourceDate "2013.12.19"]
[SourceVersion "1"]
[SourceVersionDate "2013.12.19"]
[SourceQuality "1"]

1. d4 Nf6 2. Nf3 g6 3. Bg5 Bg7 4. Nbd2 c5 5. Bxf6 Bxf6 6. Ne4 Bg7 7. Nxc5 d6 8. Ne4 Bg4 9. e3 0-0 10. c3 Qb6 11. Rb1 Nd7 12. h3 Bxf3 13. Qxf3 e5 14. Bc4 exd4 15. exd4 Qc6 16. Nd2 Rae8+ 17. Kd1 Qb6 18. Re1 Nf6 19. Ne4 Nxe4 20. Rxe4 d5 21. Bxd5 1-0

[Event "Wch Seniors 23rd"]
[Site "Opatija"]
[Date "2013.11.14"]
[Round "3"]
[White "Haupt, Joachim"]
[Black "Grabow, Pouelsten Holm"]
[Result "0-1"]
[WhiteElo "1870"]
[BlackElo "2157"]
[PlyCount "101"]
[EventDate "2013.11.12"]
[EventType "swiss"]
[EventRounds "11"]
[EventCountry "CRO"]
[SourceTitle "CBM 157 Extra"]
[Source "ChessBase"]
[SourceDate "2013.12.19"]
[SourceVersion "1"]
[SourceVersionDate "2013.12.19"]
[SourceQuality "1"]

1. e4 e6 2. Nf3 d5 3. e5 c5 4. b4 cxb4 5. a3 d4 6. axb4 Bxb4 7. c3 dxc3 8. Qa4+ Nc6 9. Bb5 cxd2+ 10. Nbxd2 Bd7 11. 0-0 Bxd2 12. Bxd2 Nge7 13. Bg5 h6 14. Qh4 Qc7 15. Bxe7 Nxe7 16. Rac1 Qd8 17. Bxd7+ Qxd7 18. Rc4 Rc8 19. Rd4 Nf5 20. Rxd7 Nxh4 21. Rxb7 Nxf3+ 22. gxf3 Ra8 23. Ra1 0-0 24. Raxa7 Rxa7 25. Rxa7 Rd8 26. Kg2 g5 27. Ra4 Rd5 28. Re4 Kg7 29. Kg3 Kg6 30. f4 Kf5 31. f3 Rd3 32. h3 Rd7 33. fxg5 hxg5 34. Rg4 Rd5 35. h4 gxh4+ 36. Rxh4 Kxe5 37. Re4+ Kf5 38. Rf4+ Kg6 39. Re4 e5 40. Rh4 Rd4 41. Rxd4 exd4 42. Kf4 f5 43. Kg3 Kg5 44. f4+ Kf6 45. Kf3 Ke6 46. Ke2 Kd5 47. Kd3 Kc5 48. Kd2 Kc4 49. Kc2 d3+ 50. Kd1 Kd4 51. Kd2 0-1

[Event "Wch Seniors 22nd"]
[Site "Kamena Vourla"]
[Date "2012.11.17"]
[Round "5"]
[White "Haupt, Joachim"]
[Black "De Andres Gonalons, Fernando"]
[Result "0-1"]
[WhiteElo "1864"]
[BlackElo "2072"]
[PlyCount "80"]
[EventDate "2012.11.13"]
[EventType "swiss"]
[EventRounds "11"]
[EventCountry "GRE"]
[SourceTitle "CBM 151 Extra"]
[Source "ChessBase"]
[SourceDate "2012.12.18"]
[SourceVersion "1"]
[SourceVersionDate "2012.12.18"]
[SourceQuality "1"]

1. e4 e6 2. d4 d5 3. Nc3 dxe4 4. Nxe4 Nd7 5. Bd3 Ngf6 6. Nxf6+ Nxf6 7. Nf3 c5 8. Bg5 cxd4 9. Bb5+ Bd7 10. Bxd7+ Qxd7 11. Qxd4 Qxd4 12. Nxd4 Bc5 13. Nb3 Bxf2+ 14. Ke2 Bb6 15. Bxf6 gxf6 16. Rad1 Ke7 17. Rd3 Rad8 18. Rhd1 Rxd3 19. Rxd3 Rg8 20. g3 f5 21. Nd4 f4 22. Kf3 fxg3 23. hxg3 Rd8 24. Ne2 Rxd3+ 25. cxd3 e5 26. g4 Ke6 27. Ke4 Bf2 28. Nc3 Bd4 29. Nd1 Kf6 30. Nc3 Kg5 31. Kf3 f5 32. gxf5 Kxf5 33. Nb5 Ke6 34. Nc3 Bxc3 35. bxc3 Kd5 36. a4 a5 37. Ke3 h5 38. c4+ Kc5 39. Ke4 h4 40. Kxe5 h3 0-1

[Event "Wch Seniors 22nd"]
[Site "Kamena Vourla"]
[Date "2012.11.15"]
[Round "3"]
[White "Haupt, Joachim"]
[Black "Sinelnikov, Igor"]
[Result "0-1"]
[WhiteElo "1864"]
[BlackElo "2090"]
[PlyCount "114"]
[EventDate "2012.11.13"]
[EventType "swiss"]
[EventRounds "11"]
[EventCountry "GRE"]
[SourceTitle "CBM 151 Extra"]
[Source "ChessBase"]
[SourceDate "2012.12.18"]
[SourceVersion "1"]
[SourceVersionDate "2012.12.18"]
[SourceQuality "1"]

1. e4 d6 2. d4 Nf6 3. Nc3 g6 4. f4 Bg7 5. Nf3 0-0 6. Bd3 Bg4 7. h3 Bxf3 8. Qxf3 Nc6 9. Be3 e5 10. Ne2 exd4 11. Nxd4 Nb4 12. 0-0 c5 13. Nb5 a6 14. Nxd6 Qxd6 15. e5 Qc7 16. exf6 Bxf6 17. Be4 Bxb2 18. Rab1 Bg7 19. a3 Nc6 20. Rxb7 Qxb7 21. Bxc6 Qa7 22. Bxa8 Rxa8 23. f5 Re8 24. fxg6 Rxe3 25. gxf7+ Kf8 26. Qc6 c4 27. Kh1 Qb8 28. Qxc4 Re7 29. Qc5 Qc7 30. Qd5 Bf6 31. Qa8+ Kxf7 32. Qxa6 Qc3 33. Qd6 Qe5 34. Qxe5 Rxe5 35. g4 Ke6 36. Kg2 Rc5 37. Rf2 Rc3 38. a4 Ra3 39. Re2+ Be5 40. a5 Rxa5 41. Kf3 Rc5 42. h4 Rc3+ 43. Re3 Rxc2 44. g5 Kf5 45. Re2 Rc3+ 46. Re3 Rc4 47. h5 Rf4+ 48. Ke2 Rh4 49. g6 h6 50. Rf3+ Bf4 51. Rb3 Rxh5 52. Rb5+ Be5 53. Rb6 Rg5 54. Kf3 Bf6 55. Rb5+ Kxg6 56. Rxg5+ hxg5 57. Kg4 Bd4 0-1

[Event "Wch Seniors 19th"]
[Site "Condino"]
[Date "2009.11.06"]
[Round "10"]
[White "Fritsch, Juergen"]
[Black "Haupt, Joachim"]
[Result "1/2-1/2"]
[WhiteElo "1955"]
[BlackElo "1870"]
[PlyCount "65"]
[EventDate "2009.10.27"]
[EventType "swiss"]
[EventRounds "11"]
[EventCountry "ITA"]
[SourceTitle "EXT 2010"]
[Source "ChessBase"]
[SourceDate "2010.11.25"]
[SourceVersion "1"]
[SourceVersionDate "2010.11.25"]
[SourceQuality "1"]

1. d4 Nf6 2. Bg5 e6 3. Nf3 d5 4. e3 c5 5. c3 c4 6. Nbd2 Be7 7. b4 Bd7 8. Bxf6 Bxf6 9. Be2 0-0 10. a4 a6 11. 0-0 Nc6 12. e4 dxe4 13. Nxe4 b5 14. Nc5 Ne7 15. axb5 Bxb5 16. Qc2 Nd5 17. g3 Qc7 18. Nd2 e5 19. Bf3 Rfd8 20. Nde4 exd4 21. Nxf6+ Nxf6 22. Bxa8 d3 23. Qd2 Rxa8 24. Rfe1 a5 25. Ne4 Nxe4 26. Rxe4 Qc6 27. Rd4 axb4 28. Rxa8+ Qxa8 29. Qb2 b3 30. f3 h6 31. Kf2 Kh7 32. Re4 Qa7+ 33. Kf1 1/2-1/2

[Event "Wch Seniors 14th"]
[Site "Halle"]
[Date "2004.11.03"]
[Round "9"]
[White "Haupt, Joachim"]
[Black "Kelchner, Hans"]
[Result "0-1"]
[WhiteElo "1741"]
[BlackElo "2183"]
[PlyCount "46"]
[EventDate "2004.10.24"]
[EventType "swiss"]
[EventRounds "11"]
[EventCountry "GER"]
[SourceTitle "EXT 2005"]
[Source "ChessBase"]
[SourceDate "2004.11.15"]
[SourceVersion "1"]
[SourceVersionDate "2004.11.15"]
[SourceQuality "1"]

1. Nf3 Nf6 2. c4 c5 3. Nc3 e6 4. d4 cxd4 5. Nxd4 Bb4 6. Bd2 Nc6 7. e3 0-0 8. a3 Be7 9. Bd3 Ne5 10. Be2 b6 11. Nf3 Nc6 12. 0-0 Bb7 13. Bd3 a6 14. Ne2 d5 15. cxd5 Qxd5 16. Nf4 Qd6 17. Qe2 e5 18. e4 Rad8 19. Nd5 Nxd5 20. exd5 Qxd5 21. Be4 Nd4 22. Nxd4 Qxe4 23. Qxe4 Bxe4 0-1